Professional ethics for lawyers : (Record no. 84401)

MARC details
000 -LEADER
fixed length control field 00732nam a22002177a 4500
005 - DATE AND TIME OF LATEST TRANSACTION
control field 20140801124305.0
010 ## - LCCN (DPL NO)
LC control number ENG-109966
020 ## - INTERNATIONAL STANDARD BOOK NUMBER
International Standard Book Number 9789351431367
Terms of availability 350.00
035 ## - SYSTEM CONTROL NUMBER
System control number EN-93499
037 ## - SOURCE OF ACQUISITION
Source of stock number/acquisition DBAD/PUB
082 ## - DEWEY DECIMAL CLASSIFICATION NUMBER
Classification number 174.3
100 ## - MAIN ENTRY--PERSONAL NAME
Personal name Ramachandran, Raju
245 ## - TITLE STATEMENT
Title Professional ethics for lawyers :
Statement of responsibility, etc by Raju Ramachandran; revised by S. Balakrishnan
Remainder of title changing profession changing ethics /
250 ## - EDITION STATEMENT
Edition statement 2nd ed
260 ## - PUBLICATION, DISTRIBUTION, ETC. (IMPRINT)
Place of publication, distribution, etc Gurgaon
Name of publisher, distributor, etc Lexis Nexis
Date of publication, distribution, etc 2014
270 ## - ADDRESS
Address 14th Floor, Bldg No.10, Tower-B, DLF Cyber City, Phase-II
City Gurgaon
Postal code 122002
300 ## - PHYSICAL DESCRIPTION
Extent xvii,170p.
Dimensions 22cm(pbk)
500 ## - GENERAL NOTE
General note Includes bibliographical references
700 ## - ADDED ENTRY--PERSONAL NAME
Personal name Balakrishnan, S.
942 ## - ADDED ENTRY ELEMENTS (KOHA)
Source of classification or shelving scheme Dewey Decimal Classification
Item type English Books
Call number suffix RAM
Classification part 174.3
Holdings
Withdrawn status Lost status Not for loan Collection code Home library Current library Date acquired Source of acquisition Cost, normal purchase price Full call number Barcode Copy number Cost, replacement price Koha item type
    Not For Loan Non-fiction D.B.Act.Division D.B.Act.Division 21/05/2014 DBAD/PUB 350.00 174.3 RAM EN-93499 1 350.00 English Books

© Delhi Public Library
Hit Counter
free hit counter